[Event "Titled Tuesday intern op 13th Feb Early"]
[Site "Chess.com INT"]
[Date "2024.02.13"]
[Round "3"]
[White "Pourramezanali, Amirreza"]
[Black "Bjerre, Jonas Buhl"]
[Result "0-1"]
[WhiteElo "2502"]
[BlackElo "2642"]
[PlyCount "56"]
[EventDate "2024.02.13"]
[EventType "swiss (blitz)"]
[EventRounds "11"]
[EventCountry "USA"]
[SourceTitle "CB08_2024"]
[SourceDate "2024.02.21"]
[SourceVersion "1"]
[SourceVersionDate "2024.02.21"]
[SourceQuality "1"]

1. e4 c5 2. c3 Nf6 3. e5 Nd5 4. d4 cxd4 5. cxd4 d6 6. Nf3 e6 7. Bd3 Be7 8. 0-0 Bd7 9. Nc3 Bc6 10. Ne4 dxe5 11. Nxe5 0-0 12. a3 Qb6 13. Bc2 Bb5 14. Re1 Nd7 15. Bg5 Nxe5 16. dxe5 Rfd8 17. Qh5 g6 18. Qh4 Qc7 19. Rac1 Rac8 20. Nf6+ Bxf6 21. exf6 Qd6 22. Be4 Rxc1 23. Bxc1 Bc6 24. Bg5 Qe5 25. f3 h5 26. Bc1 Qxf6 27. Bg5 Qd4+ 28. Kh1 Rc8 0-1

[Event "Titled Tuesday intern op 13th Feb Early"]
[Site "Chess.com INT"]
[Date "2024.02.13"]
[Round "1"]
[White "Pourramezanali, Amirreza"]
[Black "Ljukin, Sergei"]
[Result "1-0"]
[WhiteElo "2502"]
[BlackElo "2362"]
[PlyCount "33"]
[EventDate "2024.02.13"]
[EventType "swiss (blitz)"]
[EventRounds "11"]
[EventCountry "USA"]
[SourceTitle "CB08_2024"]
[SourceDate "2024.02.21"]
[SourceVersion "1"]
[SourceVersionDate "2024.02.21"]
[SourceQuality "1"]

1. e4 e6 2. d4 d5 3. exd5 exd5 4. Bd3 Nf6 5. Nf3 c5 6. 0-0 Nc6 7. Re1+ Be7 8. dxc5 0-0 9. Nc3 Bxc5 10. Bg5 Be6 11. Qd2 Be7 12. Ne5 Nd7 13. Bxe7 Qxe7 14. Nxd5 Qd8 15. Nxc6 bxc6 16. Nf4 Bd5 17. c4 1-0

[Event "Rasht Father Cup Rapid 2nd"]
[Site "Rasht"]
[Date "2023.12.08"]
[Round "6"]
[White "Mosadeghpour, Masoud"]
[Black "Pourramezanali, Amirreza"]
[Result "1-0"]
[WhiteElo "2473"]
[BlackElo "2500"]
[PlyCount "127"]
[EventDate "2023.12.08"]
[EventType "swiss (rapid)"]
[EventRounds "11"]
[EventCountry "IRI"]
[SourceTitle "CB50_2023"]
[SourceDate "2023.12.13"]
[SourceVersion "1"]
[SourceVersionDate "2023.12.13"]
[SourceQuality "1"]

1. e4 e6 2. d4 d5 3. exd5 exd5 4. Nf3 Nf6 5. Bd3 Bd6 6. Qe2+ Qe7 7. Qxe7+ Kxe7 8. 0-0 Re8 9. Nc3 c6 10. Bg5 h6 11. Rae1+ Be6 12. Bd2 Kf8 13. Ne5 Nbd7 14. f4 Nb6 15. f5 Bd7 16. Bf4 Bb4 17. g4 Kg8 18. Kg2 Bxc3 19. bxc3 Ne4 20. c4 f6 21. Nxd7 Nxd7 22. cxd5 cxd5 23. c4 Nc3 24. Bd2 Ne4 25. Ba5 b6 26. Bb4 a5 27. Ba3 Nd2 28. Rxe8+ Rxe8 29. Rc1 Nxc4 30. Rxc4 dxc4 31. Bxc4+ Kh7 32. Be6 Nb8 33. d5 Na6 34. d6 Rd8 35. Kf3 Nc5 36. Bxc5 bxc5 37. d7 g6 38. Ke4 c4 39. Kd4 gxf5 40. gxf5 Kg7 41. Kxc4 Kf8 42. Kb5 Ke7 43. Kc6 a4 44. a3 Ra8 45. Kc7 Rd8 46. h3 Ra8 47. Bd5 Ra7+ 48. Bb7 Rxb7+ 49. Kxb7 Kxd7 50. Kb6 Kd6 51. Kb5 Ke5 52. Kxa4 Kxf5 53. Kb4 Ke5 54. a4 f5 55. a5 Kd6 56. Kc4 Kc6 57. h4 f4 58. Kd4 Kb5 59. Ke4 Kxa5 60. Kxf4 Kb5 61. Kf5 Kc5 62. Kg6 Kd6 63. Kxh6 Ke6 64. Kg6 1-0

[Event "Rasht Father Cup Rapid 2nd"]
[Site "Rasht"]
[Date "2023.12.08"]
[Round "1"]
[White "Pourramezanali, Amirreza"]
[Black "Rezaei Faraz, Reza"]
[Result "1-0"]
[WhiteElo "2500"]
[BlackElo "1512"]
[PlyCount "71"]
[EventDate "2023.12.08"]
[EventType "swiss (rapid)"]
[EventRounds "11"]
[EventCountry "IRI"]
[SourceTitle "CB50_2023"]
[SourceDate "2023.12.13"]
[SourceVersion "1"]
[SourceVersionDate "2023.12.13"]
[SourceQuality "1"]

1. e4 e5 2. Nf3 Nc6 3. Bc4 Bc5 4. 0-0 Nf6 5. d3 0-0 6. c3 d6 7. h3 Be6 8. Bb5 a6 9. Ba4 Nd7 10. d4 exd4 11. cxd4 b5 12. Bc2 Bc4 13. dxc5 Bxf1 14. Kxf1 Nxc5 15. Be3 Ne6 16. Nc3 Re8 17. Nd5 Ne7 18. Rc1 Rc8 19. Bb3 Nxd5 20. exd5 Nf8 21. Nd4 Qf6 22. Qf3 Qxf3 23. Nxf3 Ng6 24. Bd2 Re7 25. Rc6 Ra8 26. Ba5 Ra7 27. g3 h6 28. h4 Rd7 29. Rc2 Kf8 30. h5 Ne7 31. Nd4 Ra8 32. Rxc7 Rxc7 33. Bxc7 Rc8 34. Bxd6 Rc1+ 35. Kg2 Rb1 36. Nc6 1-0

[Event "Rasht Father Cup Blitz 2nd"]
[Site "Rasht"]
[Date "2023.12.07"]
[Round "6"]
[White "Mahdavi, Reza"]
[Black "Pourramezanali, Amirreza"]
[Result "1-0"]
[WhiteElo "2312"]
[BlackElo "2500"]
[PlyCount "63"]
[EventDate "2023.12.07"]
[EventType "swiss (blitz)"]
[EventRounds "13"]
[EventCountry "IRI"]
[SourceTitle "CB50_2023"]
[SourceDate "2023.12.13"]
[SourceVersion "1"]
[SourceVersionDate "2023.12.13"]
[SourceQuality "1"]

1. e4 e6 2. d4 d5 3. e5 c5 4. c3 Nc6 5. Nf3 Bd7 6. Be2 Nge7 7. Na3 cxd4 8. cxd4 Ng6 9. Nc2 Be7 10. g3 0-0 11. h4 f6 12. h5 Nh8 13. exf6 Bxf6 14. Bf4 Nf7 15. Qd2 Qe7 16. 0-0 Nd6 17. Bd3 Be8 18. h6 Bh5 19. Ne5 g5 20. Nxc6 bxc6 21. Be5 Nf7 22. f4 Bxe5 23. fxe5 Nxh6 24. Qh2 Rxf1+ 25. Rxf1 Qe8 26. Ne3 Bg6 27. Qxh6 Bxd3 28. Rf6 Bg6 29. Ng4 Rb8 30. b3 Rb7 31. Rf2 Qe7 32. Nf6+ 1-0

[Event "Titled Tuesday intern op 19th Sep Early"]
[Site "Chess.com INT"]
[Date "2023.09.19"]
[Round "1"]
[White "Delgado Kuffo, Andres"]
[Black "Pourramezanali, Amirreza"]
[Result "0-1"]
[WhiteElo "2320"]
[BlackElo "2505"]
[PlyCount "120"]
[EventDate "2023.09.19"]
[EventType "swiss (blitz)"]
[EventRounds "11"]
[EventCountry "USA"]
[SourceTitle "EXT 2024"]
[Source "ChessBase"]
[SourceDate "2023.10.10"]
[SourceVersion "1"]
[SourceVersionDate "2023.10.10"]
[SourceQuality "1"]

1. e4 e6 2. d4 d5 3. e5 c5 4. c3 Nc6 5. Nf3 Bd7 6. Bd3 cxd4 7. 0-0 Qb6 8. a3 Nge7 9. Kh1 Ng6 10. cxd4 Nxd4 11. Be3 Bc5 12. b4 Nxf3 13. Bxc5 Qc7 14. Qxf3 Qxe5 15. Nd2 b6 16. Rae1 Qf4 17. Qxd5 Rd8 18. Be3 Qb8 19. Qf3 Ne5 20. Qg3 Nxd3 21. Qxg7 Qe5 22. Qxe5 Nxe5 23. Bg5 Nd3 24. Re3 Rc8 25. Rxd3 Bb5 26. Rg3 Bxf1 27. Nxf1 Rg8 28. h4 f5 29. Kh2 Kf7 30. Nd2 Rc2 31. Nf3 Re2 32. Be3 Rxg3 33. Kxg3 Ra2 34. Ne5+ Ke8 35. Bc1 Rc2 36. Be3 Ra2 37. Bc1 Rc2 38. Be3 Rc3 39. b5 Rxa3 40. Nc6 Kd7 41. Kf4 Kd6 42. Kg5 a6 43. Bf4+ Kc5 44. Be3+ Rxe3 45. fxe3 Kxb5 46. Nd4+ Kc4 47. Nxe6 a5 48. Nd4 a4 49. Nc2 b5 50. Kxf5 b4 51. e4 b3 52. Na3+ Kb4 53. Nb1 a3 54. Nxa3 Kxa3 55. e5 b2 56. e6 b1Q+ 57. Kf6 Qg6+ 58. Ke7 Qxg2 59. Kd7 Qd5+ 60. Ke7 Qh5 0-1

[Event "Titled Tuesday intern op 19th Sep Early"]
[Site "Chess.com INT"]
[Date "2023.09.19"]
[Round "2"]
[White "Mikaelyan, Arman"]
[Black "Pourramezanali, Amirreza"]
[Result "0-1"]
[WhiteElo "2529"]
[BlackElo "2505"]
[PlyCount "140"]
[EventDate "2023.09.19"]
[EventType "swiss (blitz)"]
[EventRounds "11"]
[EventCountry "USA"]
[SourceTitle "EXT 2024"]
[Source "ChessBase"]
[SourceDate "2023.10.10"]
[SourceVersion "1"]
[SourceVersionDate "2023.10.10"]
[SourceQuality "1"]

1. Nf3 d5 2. d4 Nf6 3. c4 e6 4. Nc3 Be7 5. Bg5 h6 6. Bh4 0-0 7. e3 Ne4 8. Bxe7 Qxe7 9. Rc1 Nxc3 10. Rxc3 c6 11. Bd3 Nd7 12. 0-0 dxc4 13. Rxc4 e5 14. Qb1 Nb6 15. Rcc1 exd4 16. Nxd4 Bd7 17. b4 Rad8 18. Rfd1 Nd5 19. b5 Bg4 20. Re1 c5 21. Nf5 Bxf5 22. Bxf5 b6 23. a3 Rd6 24. e4 Nf4 25. e5 Rd4 26. g3 Ne6 27. Qb3 Rfd8 28. Qe3 Qg5 29. Bxe6 fxe6 30. Qxg5 hxg5 31. Re3 g4 32. Kg2 Kf7 33. Rce1 Kg6 34. h3 gxh3+ 35. Kxh3 c4 36. Rc1 Rc8 37. g4 Rc5 38. a4 Rd3 39. Rxd3 cxd3 40. Rd1 Rd5 41. Rd2 Kg5 42. Kg3 Rd4 43. f3 g6 44. f4+ Rxf4 45. Rxd3 Rxg4+ 46. Kf3 Rxa4 47. Rd8 Kf5 48. Rg8 Ra5 49. Rg7 g5 50. Ke3 g4 51. Kd4 Ra3 52. Rf7+ Kg5 53. Rg7+ Kf4 54. Rf7+ Kg5 55. Rg7+ Kh4 56. Rh7+ Kg3 57. Rh6 Kf2 58. Rxe6 g3 59. Rg6 g2 60. e6 Rg3 61. Rf6+ Ke2 62. e7 g1Q+ 63. Kd5 Rd3+ 64. Ke6 Re3+ 65. Kf7 Qg4 66. Rd6 Qh5+ 67. Kf8 Qh8+ 68. Kf7 Qh7+ 69. Kf8 Qxe7+ 70. Kg8 Rg3+ 0-1

[Event "Titled Tuesday intern op 19th Sep Early"]
[Site "Chess.com INT"]
[Date "2023.09.19"]
[Round "4"]
[White "Pourramezanali, Amirreza"]
[Black "Cardozo Munar, Carlos Eduardo"]
[Result "1-0"]
[WhiteElo "2505"]
[BlackElo "2043"]
[PlyCount "41"]
[EventDate "2023.09.19"]
[EventType "swiss (blitz)"]
[EventRounds "11"]
[EventCountry "USA"]
[SourceTitle "EXT 2024"]
[Source "ChessBase"]
[SourceDate "2023.10.10"]
[SourceVersion "1"]
[SourceVersionDate "2023.10.10"]
[SourceQuality "1"]

1. d4 d5 2. Bf4 e6 3. e3 Bd6 4. Nd2 Bxf4 5. exf4 Qd6 6. Qf3 a6 7. Bd3 Nc6 8. c3 Nge7 9. g3 Bd7 10. Qe2 h6 11. Ngf3 0-0-0 12. b4 Rhe8 13. a4 a5 14. b5 Nb8 15. 0-0 g5 16. c4 dxc4 17. Nxc4 Qd5 18. Be4 gxf4 19. Bxd5 Nxd5 20. Rac1 fxg3 21. Nd6# 1-0

[Event "Titled Tuesday intern op 12th Sep Early"]
[Site "Chess.com INT"]
[Date "2023.09.12"]
[Round "6"]
[White "Kravtsiv, Martyn"]
[Black "Pourramezanali, Amirreza"]
[Result "1-0"]
[WhiteElo "2598"]
[BlackElo "2505"]
[PlyCount "95"]
[EventDate "2023.09.12"]
[EventType "swiss (blitz)"]
[EventRounds "11"]
[EventCountry "USA"]
[SourceTitle "EXT 2024"]
[Source "ChessBase"]
[SourceDate "2023.10.10"]
[SourceVersion "1"]
[SourceVersionDate "2023.10.10"]
[SourceQuality "1"]

1. e4 c6 2. Nf3 d5 3. d3 dxe4 4. dxe4 Qxd1+ 5. Kxd1 Nf6 6. Nbd2 g6 7. Ne5 Bg7 8. Nd3 0-0 9. f3 b6 10. a4 Nbd7 11. Nb3 Ba6 12. Bd2 Bxd3 13. Bxd3 Ne5 14. Bc3 Nfd7 15. Ke2 Rfd8 16. Rhd1 Nxd3 17. cxd3 c5 18. Rac1 e5 19. Nd2 Nb8 20. b4 cxb4 21. Bxb4 Na6 22. Ba3 Bf8 23. Bxf8 Kxf8 24. Nb3 Rac8 25. Ke3 Ke7 26. d4 exd4+ 27. Nxd4 Nc5 28. Rc4 Rd6 29. a5 Rcd8 30. Rb1 f6 31. g4 g5 32. Nf5+ Ke6 33. Nxd6 Rxd6 34. Rd4 Rc6 35. Rc1 bxa5 36. Rd5 Nxe4 37. Rxc6+ Kxd5 38. Ra6 Nd6 39. Rxa5+ Ke6 40. Rxa7 h6 41. Rh7 Nf7 42. Ke4 f5+ 43. gxf5+ Kf6 44. Rxf7+ Kxf7 45. Ke5 h5 46. h3 Kg8 47. Kf6 g4 48. fxg4 1-0

[Event "Titled Tuesday intern op 12th Sep Early"]
[Site "Chess.com INT"]
[Date "2023.09.12"]
[Round "7"]
[White "Olsson, William"]
[Black "Pourramezanali, Amirreza"]
[Result "1-0"]
[WhiteElo "2376"]
[BlackElo "2505"]
[PlyCount "49"]
[EventDate "2023.09.12"]
[EventType "swiss (blitz)"]
[EventRounds "11"]
[EventCountry "USA"]
[SourceTitle "EXT 2024"]
[Source "ChessBase"]
[SourceDate "2023.10.10"]
[SourceVersion "1"]
[SourceVersionDate "2023.10.10"]
[SourceQuality "1"]

1. c4 e6 2. g3 Nf6 3. Bg2 d5 4. d4 Bb4+ 5. Bd2 Be7 6. Nf3 0-0 7. 0-0 c6 8. b3 b6 9. Nc3 Ba6 10. Ne5 Qc8 11. Bg5 h6 12. Bxf6 Bxf6 13. cxd5 cxd5 14. Rc1 Bxe5 15. dxe5 Qd7 16. f4 Nc6 17. Qd2 Rac8 18. Ne4 Bxe2 19. Nf6+ gxf6 20. Qxe2 fxe5 21. fxe5 Ne7 22. Rf6 Ng6 23. Re1 Rc3 24. Qd2 Qe7 25. Qxc3 1-0

[Event "Titled Tuesday intern op 12th Sep Early"]
[Site "Chess.com INT"]
[Date "2023.09.12"]
[Round "10"]
[White "Pourramezanali, Amirreza"]
[Black "Bogaudinov, Rushan"]
[Result "1-0"]
[WhiteElo "2505"]
[BlackElo "1853"]
[PlyCount "143"]
[EventDate "2023.09.12"]
[EventType "swiss (blitz)"]
[EventRounds "11"]
[EventCountry "USA"]
[SourceTitle "EXT 2024"]
[Source "ChessBase"]
[SourceDate "2023.10.10"]
[SourceVersion "1"]
[SourceVersionDate "2023.10.10"]
[SourceQuality "1"]

1. Nf3 b6 2. g3 Bb7 3. Bg2 g6 4. 0-0 Bg7 5. c4 Nf6 6. Nc3 0-0 7. b3 c5 8. Bb2 Nc6 9. d4 Nxd4 10. Nxd4 Bxg2 11. Kxg2 cxd4 12. Qxd4 d6 13. Rfd1 Qd7 14. Rac1 h5 15. Nd5 Ne8 16. Qd2 Bxb2 17. Qxb2 Nc7 18. Nxc7 Qxc7 19. Qd4 Qc5 20. Qxc5 bxc5 21. e4 f6 22. f4 a5 23. e5 dxe5 24. fxe5 a4 25. Rd5 axb3 26. axb3 Ra2+ 27. Kg1 fxe5 28. Rf1 Rb8 29. Rf3 e4 30. Re3 Rf8 31. Rxe4 Ra1+ 32. Kg2 Ra2+ 33. Kh3 Rff2 34. Kh4 Rxh2+ 35. Kg5 Kf7 36. Rde5 Ra7 37. Rf4+ Kg7 38. Re6 Rb2 39. Rxg6+ Kh7 40. Rf7+ Kh8 41. Rb6 Kg8 42. Kg6 Ra8 43. Rxe7 Rg2 44. Rg7+ Kh8 45. Rh7+ Kg8 46. Rg7+ Kh8 47. Kh6 h4 48. Rh7+ Kg8 49. Rg6+ Kf8 50. Rh8+ Kf7 51. Rxa8 h3 52. Ra1 h2 53. Rh1 Rb2 54. Rg7+ Kf6 55. Rg4 Kf5 56. Rh4 Rxb3 57. R1xh2 Kf6 58. Rh5 Rb8 59. Rf2+ Ke6 60. Rxc5 Rg8 61. Rc6+ Kd7 62. Rg6 Rc8 63. Kg7 Rxc4 64. Rf7+ Ke8 65. g4 Rc3 66. Re6+ Kd8 67. Rg6 Ke8 68. g5 Rc4 69. Re6+ Kd8 70. g6 Rg4 71. Ref6 Ke8 72. Kg8 1-0

[Event "Titled Tuesday intern op 05th Sep Early"]
[Site "Chess.com INT"]
[Date "2023.09.05"]
[Round "4"]
[White "Pourramezanali, Amirreza"]
[Black "Ashraf, Artin"]
[Result "0-1"]
[WhiteElo "2505"]
[BlackElo "2340"]
[PlyCount "132"]
[EventDate "2023.09.05"]
[EventType "swiss (blitz)"]
[EventRounds "11"]
[EventCountry "USA"]
[SourceTitle "EXT 2024"]
[Source "ChessBase"]
[SourceDate "2023.10.10"]
[SourceVersion "1"]
[SourceVersionDate "2023.10.10"]
[SourceQuality "1"]

1. Nf3 c5 2. c4 Nc6 3. b3 Nf6 4. Bb2 d5 5. cxd5 Nxd5 6. Nc3 e5 7. e3 Ndb4 8. d3 Bf5 9. Ne4 Qa5 10. Bc3 Rd8 11. Nfd2 Qc7 12. Qb1 Qd7 13. a3 Nxd3+ 14. Bxd3 Qxd3 15. Qxd3 Rxd3 16. Ke2 Rd8 17. f3 Be7 18. Rhd1 0-0 19. Nc4 Be6 20. Ned6 Rd7 21. Rab1 a6 22. a4 Rfd8 23. Ne4 Rxd1 24. Rxd1 Rxd1 25. Kxd1 b5 26. axb5 axb5 27. Ncd2 f6 28. Nf2 Kf7 29. Kc2 Ke8 30. e4 c4 31. bxc4 bxc4 32. Nd1 Nd4+ 33. Kb2 Nb5 34. Ne3 Ba3+ 35. Kc2 Nxc3 36. Kxc3 Bc5 37. Nexc4 Bg1 38. h3 Bd4+ 39. Kd3 Ba7 40. Ne3 Bc8 41. Nd5 Ba6+ 42. Nc4 Kf7 43. Kc3 Kg6 44. Nb4 Bd4+ 45. Kb3 Bb5 46. Nd6 Bf1 47. Nf5 Bf2 48. g4 Bxh3 49. Nd3 Ba7 50. Kc3 Kg5 51. Kd2 Bb6 52. Ke2 Bg2 53. Nd6 Ba5 54. Nf7+ Kh4 55. Nd6 Kg3 56. Nf5+ Kh2 57. Ne3 Bh3 58. Nf5 g6 59. Ne3 Kg1 60. Nf2 Bg2 61. Nd3 Bb6 62. Nf2 Bxe3 63. Kxe3 h5 64. gxh5 gxh5 65. f4 exf4+ 66. Kxf4 Kxf2 0-1

[Event "Titled Tuesday intern op 05th Sep Early"]
[Site "Chess.com INT"]
[Date "2023.09.05"]
[Round "6"]
[White "Pourramezanali, Amirreza"]
[Black "Bach, Ngoc Thuy Duong"]
[Result "0-1"]
[WhiteElo "2505"]
[BlackElo "2228"]
[PlyCount "128"]
[EventDate "2023.09.05"]
[EventType "swiss (blitz)"]
[EventRounds "11"]
[EventCountry "USA"]
[SourceTitle "EXT 2024"]
[Source "ChessBase"]
[SourceDate "2023.10.10"]
[SourceVersion "1"]
[SourceVersionDate "2023.10.10"]
[SourceQuality "1"]

1. Nf3 d5 2. c4 e6 3. g3 c6 4. Bg2 Nf6 5. 0-0 Be7 6. d4 0-0 7. Qc2 b6 8. Nbd2 Bb7 9. e4 Nbd7 10. Re1 Rc8 11. e5 Ne8 12. cxd5 cxd5 13. Qd3 Qc7 14. Nb3 Qc2 15. Bf1 Qxd3 16. Bxd3 Nc7 17. Bd2 Ba6 18. Bxa6 Nxa6 19. Rec1 h6 20. a3 Rc4 21. Rc3 Rfc8 22. Rac1 Rxc3 23. Rxc3 Rxc3 24. Bxc3 Nc7 25. a4 Nb8 26. Kf1 Nc6 27. Ke2 Kf8 28. Ne1 Ke8 29. Nd3 Kd7 30. f4 Na6 31. Bd2 Nab4 32. Bxb4 Bxb4 33. g4 g6 34. h4 h5 35. gxh5 gxh5 36. Kf3 Be7 37. Kg3 Nb4 38. Nxb4 Bxb4 39. Nc1 Bd2 40. Ne2 Be1+ 41. Kh3 Bd2 42. Ng3 Bxf4 43. Nxh5 Be3 44. Nf6+ Ke7 45. h5 Bxd4 46. Ng4 f5 47. exf6+ Bxf6 48. b3 Bc3 49. Kg3 Kf7 50. Kf4 Kg7 51. Ke3 e5 52. Kd3 Ba1 53. Ne3 e4+ 54. Kc2 d4 55. Ng4 d3+ 56. Kd2 Bd4 57. b4 a6 58. b5 a5 59. Nh2 Kf6 60. Ng4+ Kg5 61. Nh2 Kxh5 62. Nf1 Kg5 63. Ng3 Kf4 64. Nh5+ Kf3 0-1

[Event "Titled Tuesday intern op 05th Sep Late"]
[Site "Chess.com INT"]
[Date "2023.09.05"]
[Round "2"]
[White "Pourramezanali, Amirreza"]
[Black "Makarian, Rudik"]
[Result "0-1"]
[WhiteElo "2505"]
[BlackElo "2548"]
[PlyCount "44"]
[EventDate "2023.09.05"]
[EventType "swiss (blitz)"]
[EventRounds "11"]
[EventCountry "USA"]
[SourceTitle "EXT 2024"]
[Source "ChessBase"]
[SourceDate "2023.10.10"]
[SourceVersion "1"]
[SourceVersionDate "2023.10.10"]
[SourceQuality "1"]

1. e4 c5 2. c3 d5 3. exd5 Nf6 4. Bb5+ Nbd7 5. d4 a6 6. Be2 Nxd5 7. Nf3 e6 8. 0-0 b5 9. a4 b4 10. c4 N5f6 11. b3 Bb7 12. Bb2 Be7 13. Nbd2 0-0 14. Re1 Qc7 15. Nf1 Rad8 16. Ng3 h6 17. Qc2 cxd4 18. Bxd4 Nc5 19. Rad1 a5 20. Ne5 Rxd4 21. Rxd4 Qxe5 22. Qd2 Nxb3 0-1

[Event "Titled Tuesday intern op 05th Sep Early"]
[Site "Chess.com INT"]
[Date "2023.09.05"]
[Round "7"]
[White "Tissir, Mohamed"]
[Black "Pourramezanali, Amirreza"]
[Result "0-1"]
[WhiteElo "2344"]
[BlackElo "2505"]
[PlyCount "88"]
[EventDate "2023.09.05"]
[EventType "swiss (blitz)"]
[EventRounds "11"]
[EventCountry "USA"]
[SourceTitle "EXT 2024"]
[Source "ChessBase"]
[SourceDate "2023.10.10"]
[SourceVersion "1"]
[SourceVersionDate "2023.10.10"]
[SourceQuality "1"]

1. e4 c6 2. d4 d5 3. Nc3 dxe4 4. Nxe4 Nf6 5. Nxf6+ exf6 6. c3 Bd6 7. Bd3 0-0 8. Ne2 Re8 9. Qc2 h5 10. Be3 Nd7 11. 0-0-0 Nf8 12. c4 Be6 13. Nc3 Rc8 14. Kb1 Bb4 15. Ne2 Bd6 16. h3 b5 17. d5 cxd5 18. c5 a6 19. Nf4 d4 20. Nxe6 Nxe6 21. Bxd4 Nxd4 22. Bh7+ Kh8 23. Rxd4 Rxc5 24. Qd3 Rc6 25. Rd1 Qc7 26. Be4 Rc4 27. Qf3 Rxd4 28. Qxh5+ Kg8 29. Qh7+ Kf8 30. Rxd4 Be5 31. Rd1 g6 32. Qh8+ Ke7 33. Qh4 Rd8 34. Rc1 Qd6 35. Bf3 Qd2 36. Rc2 Qe1+ 37. Rc1 Qd2 38. Rc2 Qd6 39. a3 a5 40. Qe4 f5 41. Qb7+ Rd7 42. Qxb5 Kf6 43. Qc4 Rc7 44. Ka2 Rxc4 0-1

[Event "Lyon ECAM GM"]
[Site "Lyon"]
[Date "2023.04.13"]
[Round "6"]
[White "Cheng, Bobby Sky"]
[Black "Pourramezanali, Amirreza"]
[Result "1/2-1/2"]
[WhiteElo "2547"]
[BlackElo "2501"]
[PlyCount "84"]
[EventDate "2023.04.10"]
[EventType "tourn"]
[EventRounds "9"]
[EventCountry "FRA"]
[EventCategory "9"]
[SourceTitle "EXT 2024"]
[Source "ChessBase"]
[SourceDate "2023.10.10"]
[SourceVersion "1"]
[SourceVersionDate "2023.10.10"]
[SourceQuality "1"]

1. d4 d5 2. c4 e6 3. Nf3 Nf6 4. g3 Bb4+ 5. Bd2 Be7 6. Bg2 0-0 7. 0-0 c6 8. Qc2 Nbd7 9. Bf4 b6 10. cxd5 cxd5 11. Rc1 Bb7 12. Bc7 Qe8 13. Qb3 Nb8 14. a4 Na6 15. Bf4 Rc8 16. Nc3 h6 17. h4 Nd7 18. e3 Ndb8 19. Bf1 Qd8 20. Nb5 Nc6 21. h5 Nab4 22. Ne5 a6 23. Nxc6 Nxc6 24. Nc3 Na5 25. Qd1 Bd6 26. Bd3 Nc4 27. Qe2 a5 28. Nb5 Bxf4 29. gxf4 Nd6 30. Rxc8 Bxc8 31. Rc1 Nxb5 32. Bxb5 Bd7 33. Kg2 Be8 34. Kg3 Kh8 35. Qc2 g5 36. hxg6 Rg8 37. Bxe8 Qxe8 38. Kf3 Rxg6 39. Qc7 Kg7 40. b3 h5 41. Qe5+ f6 42. Qc7+ Kh6 1/2-1/2

[Event "Lyon ECAM GM"]
[Site "Lyon"]
[Date "2023.04.11"]
[Round "3"]
[White "Bournel, Antoine"]
[Black "Pourramezanali, Amirreza"]
[Result "1/2-1/2"]
[WhiteElo "2362"]
[BlackElo "2501"]
[PlyCount "38"]
[EventDate "2023.04.10"]
[EventType "tourn"]
[EventRounds "9"]
[EventCountry "FRA"]
[EventCategory "9"]
[SourceTitle "EXT 2024"]
[Source "ChessBase"]
[SourceDate "2023.10.10"]
[SourceVersion "1"]
[SourceVersionDate "2023.10.10"]
[SourceQuality "1"]

1. d4 d5 2. c4 e6 3. Nf3 Nf6 4. Nc3 Bb4 5. Qa4+ Nc6 6. e3 0-0 7. Bd2 dxc4 8. Bxc4 a6 9. 0-0 Bd6 10. Qc2 Qe7 11. Ne4 Nxe4 12. Qxe4 e5 13. Bc3 exd4 14. Qxe7 Nxe7 15. Bxd4 b5 16. Be2 Nc6 17. Bc3 b4 18. Bd2 Bb7 19. Rac1 Rfd8 1/2-1/2

[Event "Titled Tuesday intern op 7th Mar Early"]
[Site "Chess.com INT"]
[Date "2023.03.07"]
[Round "1"]
[White "Jovic, Stanoje"]
[Black "Pourramezanali, Amirreza"]
[Result "1/2-1/2"]
[WhiteElo "2073"]
[BlackElo "2501"]
[PlyCount "150"]
[EventDate "2023.03.07"]
[EventType "swiss (blitz)"]
[EventRounds "11"]
[EventCountry "USA"]
[SourceTitle "EXT 2024"]
[Source "ChessBase"]
[SourceDate "2023.10.10"]
[SourceVersion "1"]
[SourceVersionDate "2023.10.10"]
[SourceQuality "1"]

1. c4 c6 2. e4 d5 3. exd5 cxd5 4. cxd5 Nf6 5. Qa4+ Nbd7 6. Bc4 g6 7. d3 Bg7 8. Nc3 0-0 9. Nf3 a6 10. Qa3 Rb8 11. Bf4 Ra8 12. 0-0 Re8 13. Rfe1 Bf8 14. d6 e6 15. d4 Nb6 16. b3 Bd7 17. Ne5 Bc6 18. Nxc6 bxc6 19. Na4 Nc8 20. Nc5 Nxd6 21. Qa4 Nxc4 22. Qxc4 Qd5 23. Be5 Be7 24. Rac1 a5 25. h3 Rec8 26. g4 Qxc4 27. bxc4 h5 28. f3 Nh7 29. Ne4 Rd8 30. Red1 hxg4 31. hxg4 f5 32. Nc5 Kf7 33. Rb1 Ng5 34. Kg2 Ra7 35. Kg3 Bxc5 36. dxc5 Rxd1 37. Rxd1 Rb7 38. Kf4 Nh7 39. g5 Nf8 40. Rd6 Rb4 41. Rxc6 Rxc4+ 42. Kg3 Nd7 43. Rc7 Ke8 44. Bd6 e5 45. Rc8+ Kf7 46. Rd8 Ke6 47. Re8+ Kd5 48. Rg8 Rc3 49. Rxg6 e4 50. Rg8 Rxf3+ 51. Kg2 Ra3 52. g6 Rxa2+ 53. Kh3 Nf6 54. Rf8 Nh5 55. Rh8 Ng7 56. Rh7 Ne6 57. g7 Nxg7 58. Rxg7 e3 59. Rf7 Ke4 60. c6 Rc2 61. c7 e2 62. Re7+ Kf3 63. Kh4 Rc6 64. Kg5 f4 65. Bxf4 a4 66. Bd2 a3 67. Re3+ Kf2 68. Rxa3 Rxc7 69. Be3+ Kf1 70. Bd2 Rd7 71. Bb4 Rd4 72. Ra1+ Kf2 73. Bc5 e1Q 74. Bxd4+ Ke2 75. Rxe1+ Kxe1 1/2-1/2

[Event "Yerevan op-A 4th"]
[Site "Yerevan"]
[Date "2022.10.18"]
[Round "9"]
[White "Sochacki, Christophe"]
[Black "Pourramezanali, Amirreza"]
[Result "1/2-1/2"]
[WhiteElo "2463"]
[BlackElo "2495"]
[PlyCount "119"]
[EventDate "2022.10.10"]
[EventType "swiss"]
[EventRounds "9"]
[EventCountry "ARM"]
[SourceTitle "CBM 210 Extra"]
[Source "ChessBase"]
[SourceDate "2022.11.30"]
[SourceVersion "1"]
[SourceVersionDate "2022.11.30"]
[SourceQuality "1"]

1. e4 e5 2. Nf3 Nc6 3. Bb5 a6 4. Ba4 d6 5. Bxc6+ bxc6 6. d4 exd4 7. Qxd4 Bg4 8. Bg5 Nf6 9. Nbd2 c5 10. Bxf6 Qxf6 11. Qxf6 gxf6 12. Nh4 Bh6 13. g3 0-0-0 14. f3 Be6 15. f4 d5 16. 0-0-0 d4 17. b3 Kb7 18. Nf5 Bf8 19. Nc4 h5 20. c3 Re8 21. Rhe1 dxc3 22. Kc2 Bxf5 23. exf5 Rxe1 24. Rxe1 h4 25. Re8 hxg3 26. hxg3 Rh2+ 27. Kxc3 Bd6 28. a4 Rh3 29. Re3 Kc6 30. Kd3 Kd5 31. Rf3 Rh1 32. Rf1 Rh2 33. Ne3+ Kc6 34. Ke4 Rb2 35. Nc4 Re2+ 36. Kf3 Rc2 37. Re1 Rc3+ 38. Re3 Rc1 39. Ke4 Rd1 40. Rd3 Re1+ 41. Kf3 Rf1+ 42. Kg2 Rc1 43. Ne3 Ra1 44. Kf3 Rc1 45. g4 Rh1 46. Rd1 Rh3+ 47. Ke4 Rh2 48. Nd5 Re2+ 49. Kf3 Rc2 50. g5 fxg5 51. fxg5 Rb2 52. Rd3 Rb1 53. Ne3 Rg1 54. Ng2 Rf1+ 55. Kg4 Rg1 56. Rd2 Rb1 57. Rd3 Rg1 58. Rd2 Rb1 59. Rd3 Rg1 60. Rd2 1/2-1/2